La Imagen de paz y de violencia en los medios de comunicación
Αποθηκεύτηκε σε:
| Μορφή: | Κείμενο |
|---|---|
| Θέματα: | |
| Ετικέτες: |
Προσθήκη ετικέτας
Δεν υπάρχουν, Καταχωρήστε ετικέτα πρώτοι!
|
MARC
| LEADER | 00000 a a2200000 04500 | ||
|---|---|---|---|
| 001 | 6452 | ||
| 003 | |||
| 040 | |||
| 245 | |a La Imagen de paz y de violencia en los medios de comunicación | ||
| 650 | |a VIOLENCIA | ||
| 650 | |a PAZ | ||
| 650 | |a MEDIOS DE COMUNICACION | ||
| 773 | |g volumen 21, número 950; páginas 11-13 | ||
| 999 | |c 32140 |d 32140 | ||
